000 01021nas a2200325 4500
001 BR0705516
003 BR-BrBNA
005 20231205111001.0
007 ta
008 230509b bl.|||p| |||| 00| 00por d
040 _aBR-BrBNA
_bpor
_cBiblioteca Nacional de Agricultura
041 _a(Pt)
072 _aQ03
100 1 _aSchulza, D.
100 1 _aBatistab, C.R.V.
245 1 _aAvaliação microbiológica de produtos de laticínios intactos, excedentes de vôos do Aeroporto Internacional Hercílio Luz, em Florianópolis, SC
650 _aQUEIJO
650 _aMANTEIJA
650 _aPRODUTO DERIVADO DO LEITE
650 _aANÁLISE MICROBIOLÓGICA
650 _aCONTAMINAÇÃO
650 _aBACTÉRIA
650 _aSALMONELOSE
650 _aESTAFILOCOCO
650 _aCONTROLE DE QUALIDADE
650 _aSANTA CATARINA
773 0 _tHigiene Alimentar (Brazil)
_xISSN 0101-9171
_g(Jul 2007), v. 21(153) p. 82-87
_wBR0705516
909 _a202311
_bLúcia
_c55
_dLúcia Elande
942 _2AGRIS
_n0
_cANA
999 _c190079
_d190079